000 00607nam a2200253 a 4500
001 nice12345678
003 IN_TiNIC
005 20260116012125.0
008 050524s1962 baga grp 000 0 eng
020 _a
_c100
082 0 0 _a892.76
_bIZZ
100 _aIzzedien, Yousif
245 _aPoetry and Iraqi Society 1900-1945
260 _aBaghdad
_bAani Press
_c1962
300 _a63p
500 _aincludes index and biblioraphy
505 2 _aIndex
650 _aArabic-Poetry
650 _aCivilization-Iran
700 1 _aIzzedien, Yousif
902 _bSRS
942 _cBK
999 _c5742
_d5742